01168nam a2200325 a 450000100060000000300080000600500170001400600190003100700150005000800410006503500220010604000260012805000200015408000100017408200140018410000220019824501560022026000640037630000100044053301640045065000160061465000270063065000220065765000170067965500270069670000210072371000190074485600620076399900170082565661FlNmELB20241217142644.0m o d | cr cn|||||||||201102r2009 ag |||||s|||||||||||spa d a(OCoLC)1152952259 aFlNmELBbspacFlNmELB 4aHD59bG163 2009 a659.104a659.22221 aGallardo, Daniel.10aMedios, publicidad y relaciones públicash[recurso electronico] :b¿Existe un antes y un después de la crisis? /cDaniel Gallardo, Laurent Femery. a[Santa Fe, Argentina] :b[El Cid Editor | apuntes],c[2009] a56 p. aRecurso electrónico. Santa Fe, Arg.: e-libro, 2015. Disponible vía World Wide Web. El acceso puede estar limitado para las bibliotecas afiliadas a e-libro. 0aPublicidad. 0aRelaciones públicas. 0aPublic relations. 0aAdvertising. 4aLibros electrónicos.1 aFemery, Laurent.2 ae-libro, Corp.40uhttps://elibro.net/ereader/politecnicointernacional/29022 c65661d65661